1548 1736 1597 1605 1317 1713 1172 1856 1319 1851 1170 1121 1709 1272 1056 1751 1732 1772 1369 1886 1443 1568 1085 1153 1395 1509 1644 1382 1537 1570 1462 1198 1806 1522 1346 1862 1005 1404 1853 1495 1562 1814 1634 1559 1849 1764 1449 1504 1932 1429 1433 1067 1719 1529 1029 1820 1028 1798 1829 1833 1486 1989 1559 1189 1518 1769 1909 1390 1307 1200 1944 1929 1653 1634 1083 1159 1064 1504 1640 1114 1311 1109 1719 1848 1419 1363 1067 1334 1017 1203 1435 1670 1511 1122 1867 1309 1120 1398 1919 BCNSPRNW ULIB Ver.6.0+V

เปลี่ยนเป็นภาษาไทย

Change to English
 แสดงรายละเอียดบรรณานุกรม
  กลับหน้าหลัก

Brief Record : Get Marc (ISO 2709) : E-mail record : QR code < ปิดหน้าต่าง
LEADER : 00000nam 2200000uu 4500
001    13399111882
003     ULIB
008    110627s2552||||th 000 0 tha d
020    9789744752192
090    นว.^bด969ค 2552
100 0  โดโรธี ฮาวเวล
245 00 คุณหนูยอดนักสืบ/^cโดโรธี ฮาวเวล
250    พิมพ์ครั้งที่ 1
260    กรุงเทพฯ :^bแพรวสำนักพิมพ์,^c2552
300    308 หน้า
945    ^p225^l0^i026027
995    ทศพร
999 ^a ใช้งานได้ทุกระบบ
รายการนี้ยังไม่มีแท็ก
คุณยังไม่ได้ล็อกอิน คุณสามารถมีกิจกรรมร่วมกับเว็บไซต์ได้ แต่ต้องล็อกอินก่อน ::
  ล็อกอิน

รายการสื่อสารสนเทศ

ลำดับที่ ประเภท เลขเรียก/บาร์โค้ด สถานที่ สถานะ
- ไม่พบข้อมูล -

BibComment


ยังไม่เคยถูกคอมเมนท์

คอมเมนท์ทรัพยากรรายการนี้
  คอมเมนท์: คุณหนูยอดนักสืบ โ..


 Copyright 2026. Bcnsprnw @Library